Culture Générale - Série 59 - Statistiques

Statistiques générales
  • Ce quiz a été pris 563 fois
  • Le résultat moyen est 3 sur 10
Statistiques - réponses
Question Réponse % Correct
Qu'est-ce qu'un borsalino ? Chapeau
69%
Quel nom donne-t-on au syndrome caractérisant les enfants angoissés par l'idée de grandir et les adultes instables dans le monde adulte ? Peter Pan
69%
Qu'est-ce qu'un baise-en-ville ? Sac
51%
Déesse et magicienne de l'Odyssée d'Homère, experte en drogues et poisons propres à opérer des métamorphoses Circé
44%
Employé laïque chargé d'une manière générale de maintenir le bon ordre dans une église pendant l'office Bedeau
17%
Ecclésiastique ambassadeur du Saint-Siège auprès d'un gouvernement étranger Nonce
16%
Vase sacré en forme de calice couvert, fait de métal précieux, où sont déposées les hosties consacrées destinées à la communion des fidèles Ciboire
13%
Qu'est-ce que l'harmattan ? Vent
13%
Sous quel nom connait-on mieux l'oliban ? Encens
8%
Qu'est-ce qu'une sagette ? Flèche
4%
Aucun quiz correspondant
Distribution des résultats
% des personnes avec chaque résultat
Percentile par nombre de réponses
Votre historique - résultats
Vous n’avez pas pris ce quiz